| 000 | 00437nam a2200133Ia 4500 | ||
|---|---|---|---|
| 005 | 20210429153911.0 | ||
| 008 | 210429s9999 xx 000 0 und d | ||
| 082 | _a660 S1291R | ||
| 100 |
_aRoa M. Junaid Sagheer, M. Yousuf Mehmood, Hira Usman _955039 |
||
| 245 | _aRecovery of Calcium Chloride and water from distiller blow off (DBO) of ICI soda Ash Industry (UG-CHE-2016) | ||
| 260 | _c2016 | ||
| 300 | _a70p.30cm. | ||
| 942 |
_2ddc _cTH |
||
| 999 |
_c561089 _d561089 |
||